La philosophie du droit
Kaydedildi:
| Yazar: | |
|---|---|
| Materyal Türü: | Kitap |
| Dil: | Fransızca |
| Baskı/Yayın Bilgisi: |
París
Presses Universitaires de France
1960
|
| Seri Bilgileri: | Que sais-je, 857
|
| Konular: | |
| Etiketler: |
Etiketle
Etiket eklenmemiş, İlk siz ekleyin!
|
MARC
| LEADER | 00000nam a2200000 a 4500 | ||
|---|---|---|---|
| 001 | UCS6590 | ||
| 003 | CL-VaPUC | ||
| 008 | 970926e19600000FR |||||||||||||||||fre|d | ||
| 082 | 0 | 4 | |a 340.1 |b BAT |2 21 |
| 100 | 0 | |a Batiffol, Henri |e author |9 391926 | |
| 245 | 1 | 3 | |a La philosophie du droit |
| 300 | |a 127 p | ||
| 942 | |c BK | ||
| 945 | |d 19970926 00:00:00 |a lriquelm | ||
| 260 | |a París |b Presses Universitaires de France |c 1960 | ||
| 650 | 0 | |a Filosofía del derecho |9 255050 | |
| 650 | 0 | |a Positivismo |9 269460 | |
| 650 | 0 | |a Derecho natural |9 255041 | |
| 650 | 0 | |a Valor ético |9 381214 | |
| 650 | 0 | |a Sociología del derecho |9 254890 | |
| 583 | |a last modification |c 19970926 00:00:00 |k Rodrigo Vera | ||
| 490 | 0 | |a Que sais-je, 857 | |
| 999 | |c 262236 |d 262234 | ||
| 952 | |0 0 |1 0 |4 0 |6 340_100000000000000_BAT_1960 |7 0 |8 DER_TF |9 290497 |a BIBDER |b BIBDER |d 2019-11-19 |i 1885251 |l 1 |o 340.1 BAT 1960 |p 1885251 |r 2023-01-25 |s 2020-03-17 |w 2019-11-19 |x Ubicación 4to Piso |y BK |z Estos recursos deben solicitarse con anticipación |k DER | ||